Gestión eficaz del tiempo y control del estrés / (Record no. 195533)
[ view plain ]
| 000 -LEADER | |
|---|---|
| campo de control de longitud fija | 02271nam a2200385 i 4500 |
| 001 - NÚMERO DE CONTROL | |
| campo de control | 195533 |
| 003 - IDENTIFICADOR DE NÚMERO DE CONTROL | |
| campo de control | SpMaBN |
| 005 - FECHA Y HORA DE LA ÚLTIMA TRANSACCIÓN | |
| campo de control | 20250822030026.0 |
| 008 - DATOS DE LONGITUD FIJA--INFORMACIÓN GENERAL | |
| campo de control de longitud fija | 240619s1999 sp | ||| ||spa |
| 016 7# - NÚMERO DE CONTROL DE UNA AGENCIA BIBLIOGRÁFICA NACIONAL | |
| Número de control del registro | bimoBNE20001421301 |
| Fuente | SpMaBN |
| 017 ## - NÚMERO DE COPYRIGHT O DE DEPÓSITO LEGAL | |
| Número de copyright o de depósito legal | M 33150-1999 |
| Agencia que asigna | Oficina Depósito Legal Madrid |
| 020 ## - NÚMERO INTERNACIONAL ESTÁNDAR DEL LIBRO | |
| Número Internacional Estándar del Libro | 8473562089 |
| 035 ## - NÚMERO DE CONTROL DEL SISTEMA | |
| Número de control de sistema | (OCoLC)42999129 |
| 040 ## - FUENTE DE CATALOGACIÓN | |
| Centro catalogador/agencia de origen | SpMaBN |
| Lengua de catalogación | spa |
| Centro/agencia transcriptor | SpMaBN |
| Normas de descripción | rdc |
| Centro/agencia modificador | ES-MaACL |
| 080 ## - NÚMERO DE LA CLASIFICACIÓN DECIMAL UNIVERSAL | |
| Número de la Clasificación Decimal Universal | 65.015 |
| 080 ## - NÚMERO DE LA CLASIFICACIÓN DECIMAL UNIVERSAL | |
| Número de la Clasificación Decimal Universal | 613.731 |
| 100 1# - ENTRADA PRINCIPAL--NOMBRE DE PERSONA | |
| Nombre de persona | Acosta Vera, José María |
| Número de control del registro de autoridad o número normalizado | XX870197 |
| 9 (RLIN) | 237151 |
| Término indicativo de función/relación | Autor |
| 245 10 - MENCIÓN DEL TÍTULO | |
| Título | Gestión eficaz del tiempo y control del estrés / |
| Mención de responsabilidad, etc. | José Mª Acosta Vera |
| 260 ## - PUBLICACIÓN, DISTRIBUCIÓN, ETC. | |
| Lugar de publicación, distribución, etc. | Pozuelo de Alarcón (Madrid) : |
| Nombre del editor, distribuidor, etc. | ESIC, |
| Fecha de publicación, distribución, etc. | 1999. |
| 300 ## - DESCRIPCIÓN FÍSICA | |
| Extensión | 157 páginas ; |
| Dimensiones | 24 cm |
| 336 ## - TIPO DE CONTENIDO | |
| Fuente | rdacontent |
| Término de tipo de contenido | texto |
| 337 ## - TIPO DE MEDIO | |
| Fuente | rdamedia |
| Nombre/término del tipo de medio | sin mediación |
| 338 ## - TIPO DE SOPORTE | |
| Fuente | rdacarrier |
| Nombre/término del tipo de soporte | volumen |
| 520 ## - RESUMEN, ETC. | |
| Sumario, etc. | Gestionar el tiempo es gestionar la propia vida Si tiene problemas de tiempo, si necesita mejorar su eficacia profesional, esta obra le será de gran utilidad. Recoge y sintetiza, de modo claro y ameno, lo más nuevo en eficacia directiva y manejo del tiempo. El objetivo de este libro es proporcionarle mayor calidad de trabajo y de vida, facilitándole: Ganar dos horas en cada jornada. Manejar el estrés en su beneficio. El éxito y la felicidad se alcanzan sólo con el logro de los objetivos personales. Estos objetivos requieren, para ser alcanzados, la realización de determinadas actividades. Y cada una de estas actividades exige tiempo. Pero no es fácil elegir en el mundo de hoy. Las presiones que nos rodean facilitan comportamientos que no nos benefician. Disminuye nuestra eficacia y aparece el estrés. En el camino de la eficacia surgen multitud de obstáculos. |
| 650 #4 - PUNTO DE ACCESO ADICIONAL DE MATERIA--TÉRMINO DE MATERIA | |
| Término de materia o nombre geográfico como elemento de entrada | Empleo del tiempo |
| Fuente del encabezamiento o término | embne |
| 9 (RLIN) | 12205 |
| 650 #7 - PUNTO DE ACCESO ADICIONAL DE MATERIA--TÉRMINO DE MATERIA | |
| Término de materia o nombre geográfico como elemento de entrada | Estrés (Psicología) |
| Fuente del encabezamiento o término | embne |
| 9 (RLIN) | 167275 |
| 852 ## - LOCALIZACIÓN | |
| Ubicación | ES-MaACL |
| Ubicación en estantería | Depósito J |
| Número de control de estantería | N-10040 |
| Donativo/Legado | Donación: Helena de la Joya |
| Encuadernación | Encuadernación rústica |
| itemnumber | 206187 |
| 903 ## - NOMBRE PERSONAL DE DONANTE | |
| a | Joya, Helena de la |
| e | Donante |
| 942 ## - ELEMENTOS DE ENTRADA SECUNDARIOS (KOHA) | |
| Tipo de ítem Koha | Libro impreso |
| Suprimir en OPAC | No |
| Estatus retirado | Estado de pérdida | Fuente del sistema de clasificación o colocación | Estado de daño | No para préstamo | Biblioteca de origen | Biblioteca actual | Ubicación en estantería | Fecha de adquisición | Fuente de adquisición | Total de préstamos | Signatura topográfica completa | Código de barras | Visto por última vez | Precio de reemplazo | Tipo de ítem Koha |
|---|---|---|---|---|---|---|---|---|---|---|---|---|---|---|---|
| Clasificación decimal universal | Biblioteca del Ateneo de Madrid | Biblioteca del Ateneo de Madrid | Depósito J | 09/07/2025 | Donación | N-10040 | 2025-0578 | 09/07/2025 | 09/07/2025 | Libro impreso |
